| 000 | 00886 a2200205 4500 | ||
|---|---|---|---|
| 003 | Nust | ||
| 005 | 20220817143923.0 | ||
| 010 | _a 92033294 | ||
| 020 | _a9812359591 | ||
| 040 | _cNust | ||
| 082 | 0 | 0 | _a005.133,WEI |
| 100 | 1 |
_aWeiss, Mark Allen. _958696 |
|
| 245 | 1 | 0 |
_aData structures and algorithm analysis in C++ / _cMark Allen Weiss. |
| 260 |
_aRedwood City, Calif. : _bBenjamin/Cummings Pub. Co., _cc1993. |
||
| 300 |
_axvii, 498p. : _bill. ; _c25 cm. |
||
| 505 | _aIntroduction (Page-1), Algorithms Analysis (Page-29), Lists, Stacks and Queues (Page-57), Tree (Page-115), Hashing (Page-181), Priority Queues (Page-211), Sorting (Page-253), Graph Algorithms (Page-319), Algorithms Design Techniques (Page-383), Amortized Analysis (Page-463). | ||
| 650 | 0 |
_aC (Computer program language) _91226 |
|
| 650 | 0 | _aData structures (Computer science) | |
| 942 |
_2ddc _cBK _k005.133,WEI |
||
| 999 |
_c180372 _d180372 |
||